Normal view
MARC view
Entry Personal Name
001 - CONTROL NUMBER
- control field: 12703
003 - CONTROL NUMBER IDENTIFIER
- control field: BD-RjUL
005 - DATE AND TIME OF LATEST TRANSACTION
- control field: 20240424145357.0
008 - FIXED-LENGTH DATA ELEMENTS
- fixed length control field: 240424|| aca||aabn | a|a d
040 ## - CATALOGING SOURCE
- Original cataloging agency: BD-RjUL
- Transcribing agency: BD-RjUL
100 ## - HEADING--PERSONAL NAME
- Personal name: Hassan, Md. Zahidul, Co-Supervisors
670 ## - SOURCE DATA FOUND
- Source citation: Work cat.: (BD-RjUL)83576: Shaikh, Md. Nizam Uddin 12700, Hydro-morphological Characteristics of the River Ganges (Bangladesh portion) and Its Impact on Environment /, 2011